| 000 | 02450cam a2200493 4500 | ||
|---|---|---|---|
| 008 | 090401t1998 xxu||||| |||| 00| 0 eng d | ||
| 020 | _a1873640234 | ||
| 035 | _a(Sirsi) u91279 | ||
| 041 | _aeng | ||
| 050 | _a690.072 | ||
| 110 |
_aRoyal Institution of Chartered Surveyors _94900 |
||
| 245 |
_aCOBRA : Construction and Building Research Conference 1998. Volume 1 ... Oxford Centre for Real Estate Management, 2nd-3rd September 1998, Oxford Brookes University _h[electronic resource] |
||
| 260 |
_aOxford _bOxford Brookes University _c1998 |
||
| 260 |
_aLondon _bRICS _c1998 |
||
| 300 | _a177p. ; 30cm. | ||
| 350 | _a0 | ||
| 505 | _aThe development of expertise in early stage cost estimating through experimental learning. | ||
| 505 | _aModelling cost increases in competitively built construction. | ||
| 505 | _aCareer progression paths for UK site managers. | ||
| 505 | _aDistance learning : a mechanism for just in time construction education. | ||
| 505 | _aThe role of logistics in materials` management and control : lessons from the Danish house-building sector. | ||
| 505 | _aA cognative approach to exploring the management of the design process. | ||
| 505 | _aOvercoming the obstacles associated with quality certification. | ||
| 505 | _aRe-engineering the decision-making process. | ||
| 505 | _aStrategic needs analysis : searching for viable solutions. | ||
| 505 | _aThe potential for realising innovative concepts for market segmentation derived from client attitudes. | ||
| 505 | _aStock condition surveys fail to deliver client satisfaction : a review of the recent experience of registered social landlords in commissioning stock condition surveys. | ||
| 505 | _aIndustry needs and course content in project management. | ||
| 505 | _aThe global development of value management. | ||
| 505 | _aCan any facilitator run a value engineering workshop? | ||
| 505 | _aThe impact of competitive fee tendering on construction professional service quality. | ||
| 505 | _aMarketing quality surveying services to developing economies. | ||
| 505 | _aBuilding project forecasting : modelling technique selection criteria. | ||
| 650 | _aCLIENT SATISFACTION | ||
| 650 | _aCOBRA 98 | ||
| 650 | _aCONSTRUCTION RESEARCH | ||
| 650 | _aFORECASTING | ||
| 650 | _aMARKETING | ||
| 650 | _aMODELLING | ||
| 650 | _aVALUE MANAGEMENT | ||
| 690 | _aBUILT ENVIRONMENT | ||
| 942 |
_n0 _2ddc |
||
| 948 | _c12/02/1999 | ||
| 999 |
_c97626 _d97626 |
||